000 00683nam a2200277Ia 4500
005 20260324150847.0
008 008 260324s9999 xx 000 0 eng d
020 _a9781315122816
037 _aEBOOK
040 _aCRL
040 _beng
040 _cCRL
041 _2eng
041 _aeng
084 _qCRL
100 _aPrem Chand Lal; Rabindranath Tagore
_91227872
245 0 _aRevival: Reconstruction and Education in Rural India (1932)
260 _bTaylor and Francis
260 _c1932
365 _a
365 _b300
856 _uhttp://www.taylorfrancis.com/books/9781315122816
942 _cEBOOK
999 _c1838058
_d1838058